Trò chơi dân gian các dân tộc thiểu số tỉnh hòa bình

Guardat en:
Dades bibliogràfiques
Autor principal: Lường, Song Toàn
Format: Llibre
Idioma:English
Vietnamese
Publicat: Hà Nội Mỹ thuật 2016
Matèries:
Etiquetes: Afegir etiqueta
Sense etiquetes, Sigues el primer a etiquetar aquest registre!
Thư viện lưu trữ: Trung tâm Học liệu Lê Vũ Hùng, Trường Đại học Đồng Tháp
LEADER 00848pam a22002418a 4500
001 00041577
008 170505s1996 ||||||engsd
005 20180613170602.0
020 # # |a 978 604 78 4299 5  |c 46000 
041 0 # |a vie 
082 0 4 |a 394. 269 597 19  |b TR400CH 
100 1 # |a Lường, Song Toàn 
245 1 0 |a Trò chơi dân gian các dân tộc thiểu số tỉnh hòa bình  |c Lường Song Toàn 
260 # # |a Hà Nội  |b Mỹ thuật  |c 2016 
300 # # |a 231 tr.  |c 21 cm. 
500 # # |a ĐTTS ghi: Hội văn nghệ dân gian Việt Nam 
653 # # |a Dân tộc 
653 # # |a Hòa bình 
653 # # |a Trò chơi dân gian 
653 # # |a Văn hóa dân gian 
852 # # |j KD.0023703 
910 |d 13/06/2018 
980 # # |a Trung tâm Học liệu Lê Vũ Hùng, Trường Đại học Đồng Tháp